Normale Ansicht MARC-Ansicht ISBD

Theater der fallenden Katzen. (Titelsatznr. 370812)

[ MARC ]
MARC-Details
000 -Satzkennung
Kontrollfeld mit fester Länge 00791nam a22001937a 4500
008 - Feld mit fester Länge zur physischen Beschreibung - Allgemeine Angaben
Kontrollfeld mit fester Länge 201130b ||||| |||| 00| 0 eng d
040 ## - Katalogisierungsquelle
Katalogisierungssprache ger
Übertragungsstelle DE-2950
Beschreibungsfestlegungen rda
Original-Katalogisierungsstelle DE-2950
041 ## - Sprachcode
Sprachcode des Textes/der Tonspur oder des separaten Titels ger
100 ## - Person oder Familie als 1. geistiger Schöpfer
Personenname Blees, Janine:
245 ## - Titel
Haupttitel Theater der fallenden Katzen.
Titelzusatz Premiere: Zum ersten Mal führt die Bürgerbühne das Stück einer Gastregisseurin auf. Uta Plate entwickelte ihre Inszenierung gemeinsam mit Frankfurterinnen und Frankfurtern /
Verantwortlichkeitsangabe Janine Blees
264 ## - Veröffentlichungsangabe, Vertriebsangabe, Herstellungsangabe
Erscheinungs-, Vertriebs-, Herstellungsdatum 2021
653 ## - Lokales Schlagwort
Nicht-normierter Term Frankfurt (Oder)
653 ## - Lokales Schlagwort
Nicht-normierter Term Theater / Bürgerbühne
773 ## - Übergeordnete Einheit
Ort, Verlag und Erscheinungsjahr Frankfurt (Oder): Märkisches Verlags- und Druckhaus GmbH & Co KG
Verknüpfungsangaben 32. Jahrgang (2021) Nr. 217 vom 17.09.2021, S. 17
Titel Märkische Oderzeitung
942 ## - Zusätzliche Felder (Koha)
Koha-Medientyp Aufsätze
Exemplare
Ausgeschieden Verloren Beschädigt Nicht entleihbar Permanenter Standort Aktueller Standort Aufstellungsort Eingabedatum Anzahl Ausleihen Signatur Letzte Aktivität Preis gültig von Medientyp
        Stadtarchiv Frankfurt (Oder) | Archivbibliothek Stadtarchiv Frankfurt (Oder) | Archivbibliothek Magazin 23/09/2021   Z2 23/09/2021 23/09/2021 Aufsätze